Majestic Houses : Of Banco Nacional de México /
La obra comienza con estudios críticos sobre las características de la casa novohispana y de los palacios de la nobleza de la época, para centrarse luego en monografías de los seis palacios virreinales comprados y restaurados por Banamex. Ellos son el Palacio Montejo, en Mérida; la Casa del Diezmo,...
I tiakina i:
| Kaituhi matua: | |
|---|---|
| Ētahi atu kaituhi: | , , , |
| Hōputu: | Pukapuka |
| Reo: | Ingarihi |
| I whakaputaina: |
México :
Banco Nacional de México, Fomento Cultural,
1999, c1999
|
| Ngā marau: | |
| Ngā Tūtohu: |
Kāore He Tūtohu, Me noho koe te mea tuatahi ki te tūtohu i tēnei pūkete!
|
MARC
| LEADER | 00000nam^a2200000^a^4500 | ||
|---|---|---|---|
| 001 | 000154300 | ||
| 005 | 20250521000000.0 | ||
| 009 | 20260310100350.899 | ||
| 020 | |a 968-700992-6 | ||
| 037 | |a Acervo ITESO - Biblioteca | ||
| 041 | |a ING | ||
| 082 | |a 720. 97203 |b FER | ||
| 100 | |a Fernández de Calderón, Cándida |e (coordinación) | ||
| 240 | 1 | 1 | |a [Casas señoriales del Banco Nacional de México] |
| 245 | 1 | 0 | |a Majestic Houses : |b Of Banco Nacional de México / |c Coord. editorial de C. Fernández de Calderón, A. Sarmiento Donate ; texto de C. Bargellini... [et al.] ; presen. de A. Harp Helú, R. Hernández Ramírez. |
| 264 | 4 | |a México : |b Banco Nacional de México, Fomento Cultural, |c 1999, c1999 | |
| 300 | |a 253 p. | ||
| 336 | |a texto |b txt |2 rdacontenido | ||
| 337 | |a sin mediación |b n |2 rdamedio | ||
| 338 | |a volumen |b nc |2 rdasoporte | ||
| 520 | |a La obra comienza con estudios críticos sobre las características de la casa novohispana y de los palacios de la nobleza de la época, para centrarse luego en monografías de los seis palacios virreinales comprados y restaurados por Banamex. Ellos son el Palacio Montejo, en Mérida; la Casa del Diezmo, en Morelia; la Casa de los Condes del Valle del Súchil, en Durango; el Palacio del Mayorazgo de la Familia Canal, en San Miguel de Allende; y el Palacio de Iturbide y el Palacio de los Condes de San Mateo de Valparaíso, en la Ciudad de México. | ||
| 649 | |a XX | ||
| 650 | |a Palacios - |z Mérida, Yucatán | ||
| 650 | |a Palacios - |z Durango (Ciudad) | ||
| 650 | |a Palacios - |z Morelia, Michoacán | ||
| 650 | |a Palacios - |z San Miguel de Allende, Guanajuato | ||
| 650 | |a Palacios - |z México (Ciudad) | ||
| 650 | |a Palacios - |z México - |x Tema Principal | ||
| 650 | |a Arquitectura Virreinal - |z México - |x Tema Principal | ||
| 650 | |a Arquitectura Virreinal - |z México - |x Historia y Crítica | ||
| 650 | |a Arquitectura Mexicana - |x Historia y Crítica | ||
| 650 | |a Arte Virreinal - |z México - |x Historia y Crítica | ||
| 650 | |a Arte Mexicano - |x Historia y Crítica | ||
| 650 | |a México - |x Historia - |y Virreinato, 1535-1821 | ||
| 650 | |a México - |x Historia - |y Epoca Colonial, 1517-1821 | ||
| 700 | |a Sarmiento Donate, Alberto |e (coordinación editorial) | ||
| 700 | |a Bargellini, Clara |e (texto) | ||
| 700 | |a Harp Helú, Alfredo |e (presentación) | ||
| 700 | |a Hernández Ramírez, Roberto |e (presentación) | ||
| 910 | |a Fondo General | ||
| 920 | |a Impresos - Libros | ||
| 930 | |a Reserva Especial | ||
| 905 | |a 103 | ||
| 901 | |a 0500086422 |b IT1 |c REE |u 20250521 | ||
| 902 | |a https://opac.biblio.iteso.mx/vufind/Record/000154300 | ||